Studies in Japanese bilingualism (Record no. 139491)
[ view plain ]
| 000 -LEADER | |
|---|---|
| fixed length control field | 01509nam a2200361 a 4500 |
| 082 04 - DEWEY DECIMAL CLASSIFICATION NUMBER | |
| Classification number | 495.6/042 |
| 245 00 - TITLE STATEMENT | |
| Title | Studies in Japanese bilingualism |
| 260 ## - PUBLICATION, DISTRIBUTION, ETC. (IMPRINT) | |
| Place of publication | Clevedon [England] ; |
| -- | Buffalo : |
| Name of publisher | Multilingual Matters Ltd., |
| Year of publication | c2001. |
| 300 ## - PHYSICAL DESCRIPTION | |
| Number of Pages | x, 386 p. |
| 490 1# - SERIES STATEMENT | |
| Series statement | Bilingual education and bilingualism ; |
| 650 #0 - SUBJECT ADDED ENTRY--TOPICAL TERM | |
| Topical Term | Bilingualism |
| Topical Term | Education, Bilingual |
| Topical Term | Linguistic minorities |
| 700 1# - ADDED ENTRY--PERSONAL NAME | |
| Personal name | Noguchi, Mary Goebel, |
| Personal name | Fotos, Sandra. |
| 856 40 - ELECTRONIC LOCATION AND ACCESS | |
| Uniform Resource Identifier | http://site.ebrary.com/lib/rucke/Doc?id=10170596 |
No items available.
